000 00499nam a2200169 i 4500
001 80082
003 ES-MaACL
005 20240420063032.0
007 t|
008 041026s1978 xxu ||||1| spa d
100 0 _aHiriart, Rosario,
_d1936-
_963800
245 1 0 _aLydia Cabrera
_b: vida hecha arte /
_cRosario Hiriart.
260 _aNew York :
_bEliseo Torres & Sons,
_c[1978]
300 _a198 p. :
_bil. ;
_c21 cm.
852 _aES-MaACL
_jA-10009
_bR.98330
999 _c80082
_d80082